Music Quiz

Random Music or Rock Quiz

'Birds' of Rock and Roll Quiz Stats

 Plays Quiz not verified by Sporcle

Also try: 'Country' Songs
Challenge
Share
Tweet
Embed
Score 0/13 Timer 06:00
0 Plays Today
Band Title % Correct
Lynyrd SkynyrdFreebird
88.7%
The BeatlesBlackbird
79.2%
The BeatlesAnd Your Bird Can Sing
41.5%
The TrashmenSurfin' Bird
39.6%
Leonard CohenBird on a Wire
37.7%
The BeatlesNorwegian Wood (This Bird Has Flown)
35.8%
James Taylor and Carly SimonMockingbird
35.8%
Fleetwood MacSongbird
32.1%
The BeatlesFree As a Bird
30.2%
It's a Beautiful DayWhite Bird
17%
Manheim SteamrollerCarol of the Birds
9.4%
They Might Be GiantsBirdhouse in Your Soul
9.4%
MumThe Ballad of the Broken Birdie Records
0%

You're not logged in!

Compare scores with friends on all Sporcle quizzes.
Join for Free
OR
Log In

You Might Also Like...

Show Comments

Extras

Created Jan 2, 2012ReportNominate
Tags:Rock Quiz, Song Quiz, bird, roll

Top Quizzes Today


Score Distribution

Your Account Isn't Verified!

In order to create a playlist on Sporcle, you need to verify the email address you used during registration. Go to your Sporcle Settings to finish the process.

Report this User

Report this user for behavior that violates our Community Guidelines.

Details: